| 000 | 00377 a2200157 4500 | ||
|---|---|---|---|
| 001 | 157219 | ||
| 020 | _a8598611069 | ||
| 040 | _cEscola São Tomás de Aquino | ||
| 100 | _aHeck, Lenira Almeida | ||
| 240 | 1 | 0 |
_aO galo Tião e a dinda Raposa _lpor |
| 245 | 1 | 0 | _aO galo Tião e a dinda Raposa |
| 300 | _a40 | ||
| 362 | 0 | _a2004 | |
| 697 | _a*LITERATURA INFANTO | ||
| 942 | _cBK | ||
| 999 |
_c157219 _d157219 |
||